Ooptimal architecture of knowledge management system

Podnik a implementácia systému znalostného riadenia. Ktorý informačný systém (IS) by mala firma vybrať? Využitie situačnej analýzy na výber adekvátneho systému riadenia znalostí. Postup pri výbere systému.

Salvato in:
Dettagli Bibliografici
Autore principale: Miklošík, Andrej
Natura: Capitolo di libro
Lingua:inglese
Soggetti:
Tags: Aggiungi Tag
Nessun Tag, puoi essere il primo ad aggiungerne!!

MARC

LEADER 00000nla$a2200000$$$4500
001 0144516
005 20250707085725.8
041 0 |a eng 
044 |a SK 
245 1 0 |a Ooptimal architecture of knowledge management system  |c Andrej Miklošík 
520 |a Podnik a implementácia systému znalostného riadenia. Ktorý informačný systém (IS) by mala firma vybrať? Využitie situačnej analýzy na výber adekvátneho systému riadenia znalostí. Postup pri výbere systému. 
610 2 0 |a manažment znalostný 
610 2 0 |a systémy informačné 
610 2 0 |a systémy znalostné 
610 2 0 |a podnik 
100 1 |a Miklošík, Andrej